[Event "45th FIDE Chess Olympiad Open"]
[Site "Budapest, Hungary"]
[Date "2024.09.21"]
[Round "10"]
[White "Juarez Flores, Carlos A."]
[Black "Giasi, Viresh"]
[Result "1-0"]
[Board "245"]
[WhiteFideId "7300018"]
[BlackFideId "8200165"]
[WhiteTitle "IM"]
[BlackTitle "FM"]
[WhiteElo "2308"]
[BlackElo "1998"]
[WhiteTeam "Guatemala"]
[BlackTeam "Suriname"]
[WhiteClock "0:37:13"]
[BlackClock "0:28:01"]
[Variant "Standard"]

1. e4 {[%clk 1:30:57]}  d5 {[%clk 1:26:39]} 2. exd5 {[%clk 1:31:14]}  Qxd5 {[%clk 1:26:49]} 3. Nc3 {[%clk 1:31:35]}  Qd6 {[%clk 1:27:09]} 4. g3 {[%clk 1:30:21]}  Nf6 {[%clk 1:20:24]} 5. Bg2 {[%clk 1:30:28]}  c6 {[%clk 1:20:50]} 6. d4 {[%clk 1:29:43]}  h5 {[%clk 1:21:13]} 7. Nf3 {[%clk 1:29:05]}  Bg4 {[%clk 1:21:29]} 8. h3 {[%clk 1:29:18]}  Bf5 {[%clk 1:21:01]} 9. Qe2 {[%clk 1:28:22]}  e6 {[%clk 1:17:45]} 10. Bf4 {[%clk 1:26:07]}  Qb4 {[%clk 1:16:10]} 11. O-O-O {[%clk 1:26:32]}  Bd6 {[%clk 1:05:55]} 12. Ne5 {[%clk 1:25:57]}  Bxe5 {[%clk 1:05:22]} 13. Bxe5 {[%clk 1:23:07]}  Nbd7 {[%clk 1:03:12]} 14. Bxf6 {[%clk 1:14:59]}  Nxf6 {[%clk 1:02:59]} 15. g4 {[%clk 1:07:07]}  hxg4 {[%clk 0:49:13]} 16. hxg4 {[%clk 1:07:31]}  Rxh1 {[%clk 0:49:34]} 17. Rxh1 {[%clk 1:07:56]}  Bxg4 {[%clk 0:47:28]} 18. f3 {[%clk 1:03:49]}  Bh5 {[%clk 0:47:57]} 19. d5 {[%clk 0:56:13]}  Qd6 {[%clk 0:21:08]} 20. dxc6 {[%clk 0:54:34]}  bxc6 {[%clk 0:16:15]} 21. Qe3 {[%clk 0:49:11]}  Rd8 {[%clk 0:14:25]} 22. Qg5 {[%clk 0:44:09]}  Bg6 {[%clk 0:11:00]} 23. Ne4 {[%clk 0:39:18]}  Bxe4 {[%clk 0:11:28]} 24. fxe4 {[%clk 0:39:41]}  e5 {[%clk 0:11:54]} 25. Rh8+ {[%clk 0:37:40]}  Ke7 {[%clk 0:11:53]} 26. Rxd8 {[%clk 0:38:00]}  Kxd8 {[%clk 0:12:07]} 27. Qxg7 {[%clk 0:38:11]}  Ke7 {[%clk 0:12:35]} 28. Qg5 {[%clk 0:34:58]}  Kf8 {[%clk 0:12:37]} 29. c3 {[%clk 0:32:09]}  Ng8 {[%clk 0:12:14]} 30. Kc2 {[%clk 0:30:12]}  Ne7 {[%clk 0:10:08]} 31. Qe3 {[%clk 0:26:49]}  a5 {[%clk 0:06:58]} 32. Bf1 {[%clk 0:25:50]}  Kg7 {[%clk 0:03:47]} 33. Bc4 {[%clk 0:24:37]}  a4 {[%clk 0:01:39]} 34. Qa7 {[%clk 0:22:54]}  f5 {[%clk 0:01:39]} 35. exf5 {[%clk 0:22:26]}  Kf6 {[%clk 0:01:43]} 36. Bd3 {[%clk 0:16:23]}  Nxf5 {[%clk 0:02:10]} 37. Qf2 {[%clk 0:14:04]}  Qd7 {[%clk 0:02:11]} 38. Be4 {[%clk 0:11:11]}  Kg5 {[%clk 0:02:31]} 39. Qg2+ {[%clk 0:10:38]}  Kh4 {[%clk 0:00:35]} 40. Qf3 {[%clk 0:07:42]}  Ne7 {[%clk 0:00:47]} 41. Qf6+ {[%clk 0:07:24]}  Kg3 {[%clk 0:30:04]} 42. Qxe5+ {[%clk 0:37:30]}  Kf2 {[%clk 0:29:26]} 43. Qf4 {[%clk 0:37:06]}  Ke1 {[%clk 0:28:01]} 44. Qg3+ {[%clk 0:37:13]} 1-0

[Event "45th FIDE Chess Olympiad Open"]
[Site "Budapest, Hungary"]
[Date "2024.09.21"]
[Round "10"]
[White "Yeung, Jason"]
[Black "Giron Chavez, David Emanuel"]
[Result "1/2-1/2"]
[Board "246"]
[WhiteFideId "8203970"]
[BlackFideId "7300697"]
[BlackTitle "FM"]
[WhiteElo "1993"]
[BlackElo "2065"]
[WhiteTeam "Suriname"]
[BlackTeam "Guatemala"]
[WhiteClock "0:51:01"]
[BlackClock "0:12:05"]
[Variant "Standard"]

1. d4 {[%clk 1:30:25]}  Nf6 {[%clk 1:30:46]} 2. c4 {[%clk 1:30:47]}  e6 {[%clk 1:31:14]} 3. Nc3 {[%clk 1:31:09]}  Bb4 {[%clk 1:31:25]} 4. Qc2 {[%clk 1:31:30]}  d5 {[%clk 1:31:12]} 5. cxd5 {[%clk 1:31:53]}  Qxd5 {[%clk 1:31:15]} 6. Nf3 {[%clk 1:31:27]}  Qf5 {[%clk 1:31:16]} 7. Qxf5 {[%clk 1:27:33]}  exf5 {[%clk 1:31:38]} 8. Bd2 {[%clk 1:25:37]}  c6 {[%clk 1:30:30]} 9. e3 {[%clk 1:25:44]}  Nbd7 {[%clk 1:25:34]} 10. Bd3 {[%clk 1:23:46]}  Nb6 {[%clk 1:25:30]} 11. O-O {[%clk 1:23:12]}  Bd6 {[%clk 1:20:25]} 12. Nh4 {[%clk 1:16:45]}  g6 {[%clk 1:20:47]} 13. f3 {[%clk 1:16:38]}  Nfd5 {[%clk 1:13:20]} 14. g3 {[%clk 1:14:06]}  Be6 {[%clk 1:05:47]} 15. a3 {[%clk 1:07:32]}  Nxc3 {[%clk 0:51:07]} 16. Bxc3 {[%clk 1:05:38]}  O-O {[%clk 0:42:36]} 17. e4 {[%clk 0:56:16]}  f4 {[%clk 0:37:10]} 18. g4 {[%clk 0:50:41]}  Na4 {[%clk 0:37:37]} 19. Ng2 {[%clk 0:49:23]}  Nxc3 {[%clk 0:34:26]} 20. bxc3 {[%clk 0:49:45]}  g5 {[%clk 0:34:53]} 21. Rfb1 {[%clk 0:46:47]}  b6 {[%clk 0:34:49]} 22. h4 {[%clk 0:45:29]}  h6 {[%clk 0:34:42]} 23. a4 {[%clk 0:43:41]}  Bc7 {[%clk 0:32:39]} 24. c4 {[%clk 0:43:17]}  Rfd8 {[%clk 0:28:37]} 25. d5 {[%clk 0:43:39]}  Be5 {[%clk 0:29:00]} 26. Ra2 {[%clk 0:43:47]}  Rac8 {[%clk 0:25:52]} 27. Kf1 {[%clk 0:42:15]}  cxd5 {[%clk 0:25:21]} 28. cxd5 {[%clk 0:37:31]}  Rc3 {[%clk 0:25:35]} 29. Ne1 {[%clk 0:35:58]}  Bd7 {[%clk 0:21:47]} 30. h5 {[%clk 0:35:41]}  Rdc8 {[%clk 0:20:41]} 31. a5 {[%clk 0:34:41]}  Rc1 {[%clk 0:19:28]} 32. Rxc1 {[%clk 0:33:55]}  Rxc1 {[%clk 0:19:56]} 33. axb6 {[%clk 0:34:08]}  axb6 {[%clk 0:19:50]} 34. Rc2 {[%clk 0:33:55]}  Ra1 {[%clk 0:19:20]} 35. Ke2 {[%clk 0:33:11]}  b5 {[%clk 0:19:21]} 36. Rc5 {[%clk 0:33:07]}  Bd6 {[%clk 0:17:24]} 37. Rc2 {[%clk 0:30:53]}  b4 {[%clk 0:15:35]} 38. Rb2 {[%clk 0:30:15]}  Be5 {[%clk 0:07:58]} 39. Rb1 {[%clk 0:30:10]}  Ra2+ {[%clk 0:06:50]} 40. Kf1 {[%clk 0:28:45]}  Bc3 {[%clk 0:00:52]} 41. Nc2 {[%clk 0:28:51]}  Ra4 {[%clk 0:26:31]} 42. e5 {[%clk 0:56:22]}  Ra5 {[%clk 0:19:55]} 43. e6 {[%clk 0:51:12]}  fxe6 {[%clk 0:14:55]} 44. dxe6 {[%clk 0:51:18]}  Bxe6 {[%clk 0:12:27]} 45. Nxb4 {[%clk 0:51:01]}  Ra1 {[%clk 0:11:38]} 46. Rxa1 {[%clk 0:51:01]}  Bxa1 {[%clk 0:12:05]} 1/2-1/2

[Event "45th FIDE Chess Olympiad Open"]
[Site "Budapest, Hungary"]
[Date "2024.09.21"]
[Round "10"]
[White "Galvez Dastin, Eduardo"]
[Black "Kalidjo, Imaan"]
[Result "1-0"]
[Board "247"]
[WhiteFideId "7300310"]
[BlackFideId "8202478"]
[WhiteTitle "FM"]
[WhiteElo "2100"]
[BlackElo "1934"]
[WhiteTeam "Guatemala"]
[BlackTeam "Suriname"]
[WhiteClock "0:27:06"]
[BlackClock "0:10:18"]
[Variant "Standard"]

1. d4 {[%clk 1:30:55]}  Nf6 {[%clk 1:30:25]} 2. c4 {[%clk 1:31:16]}  g6 {[%clk 1:30:44]} 3. Nc3 {[%clk 1:31:39]}  Bg7 {[%clk 1:30:53]} 4. e4 {[%clk 1:32:02]}  d6 {[%clk 1:31:05]} 5. Nf3 {[%clk 1:32:26]}  O-O {[%clk 1:31:00]} 6. Be2 {[%clk 1:32:51]}  Bg4 {[%clk 1:27:15]} 7. h3 {[%clk 1:32:56]}  Bxf3 {[%clk 1:27:23]} 8. Bxf3 {[%clk 1:33:20]}  e5 {[%clk 1:23:05]} 9. d5 {[%clk 1:33:34]}  a5 {[%clk 1:22:19]} 10. h4 {[%clk 1:33:43]}  h5 {[%clk 1:19:15]} 11. g4 {[%clk 1:34:01]}  hxg4 {[%clk 1:18:13]} 12. Bxg4 {[%clk 1:34:23]}  Nxg4 {[%clk 1:15:40]} 13. Qxg4 {[%clk 1:34:46]}  Nd7 {[%clk 1:15:11]} 14. Qg2 {[%clk 1:06:54]}  Nf6 {[%clk 1:07:47]} 15. Bg5 {[%clk 1:05:31]}  Qd7 {[%clk 0:59:42]} 16. Bxf6 {[%clk 1:05:29]}  Bxf6 {[%clk 1:00:08]} 17. h5 {[%clk 1:05:02]}  Kg7 {[%clk 0:58:29]} 18. O-O-O {[%clk 1:04:47]}  g5 {[%clk 0:41:18]} 19. Rdg1 {[%clk 1:02:07]}  Be7 {[%clk 0:16:18]} 20. f4 {[%clk 0:52:24]}  f6 {[%clk 0:12:25]} 21. Kb1 {[%clk 0:45:19]}  Kh7 {[%clk 0:05:09]} 22. fxg5 {[%clk 0:38:55]}  fxg5 {[%clk 0:05:33]} 23. Ne2 {[%clk 0:38:18]}  b5 {[%clk 0:04:17]} 24. Ng3 {[%clk 0:29:20]}  bxc4 {[%clk 0:01:34]} 25. Rc1 {[%clk 0:28:57]}  Qb5 {[%clk 0:00:41]} 26. Qe2 {[%clk 0:22:54]}  Rab8 {[%clk 0:00:40]} 27. Rxc4 {[%clk 0:19:05]}  Rb7 {[%clk 0:00:38]} 28. Rhc1 {[%clk 0:15:28]}  Qb6 {[%clk 0:00:32]} 29. Nf5 {[%clk 0:12:58]}  Bd8 {[%clk 0:00:36]} 30. Rc6 {[%clk 0:13:01]}  Qb4 {[%clk 0:00:32]} 31. R1c4 {[%clk 0:09:19]}  Qb5 {[%clk 0:00:52]} 32. Qc2 {[%clk 0:09:01]}  Rf7 {[%clk 0:00:52]} 33. a4 {[%clk 0:06:24]}  Qb3 {[%clk 0:01:12]} 34. Qxb3 {[%clk 0:05:28]}  Rxb3 {[%clk 0:01:40]} 35. Rc3 {[%clk 0:05:24]}  Rb4 {[%clk 0:00:57]} 36. R6c4 {[%clk 0:05:37]}  Rb7 {[%clk 0:00:38]} 37. Ka2 {[%clk 0:05:48]}  Kg8 {[%clk 0:00:36]} 38. Nh6+ {[%clk 0:05:58]}  Kg7 {[%clk 0:00:40]} 39. Nxf7 {[%clk 0:06:22]}  Kxf7 {[%clk 0:01:06]} 40. Rf3+ {[%clk 0:06:08]}  Kg7 {[%clk 0:01:09]} 41. Rc1 {[%clk 0:05:50]}  Kh6 {[%clk 0:00:31]} 42. Rf8 {[%clk 0:05:20]}  Be7 {[%clk 0:00:54]} 43. Rf7 {[%clk 0:05:39]}  Bd8 {[%clk 0:01:05]} 44. Rh1 {[%clk 0:05:29]}  g4 {[%clk 0:01:04]} 45. Rf8 {[%clk 0:05:34]}  Bg5 {[%clk 0:00:49]} 46. Rg8 {[%clk 0:05:56]}  Bf4 {[%clk 0:00:44]} 47. Rxg4 {[%clk 0:06:02]}  Rb4 {[%clk 0:00:59]} 48. Rg6+ {[%clk 0:01:55]}  Kh7 {[%clk 0:01:24]} 49. Re6 {[%clk 0:28:24]}  Rxa4+ {[%clk 0:28:57]} 50. Kb1 {[%clk 0:28:27]}  Rxe4 {[%clk 0:24:42]} 51. h6 {[%clk 0:27:27]}  Rb4 {[%clk 0:18:48]} 52. Re7+ {[%clk 0:27:40]}  Kh8 {[%clk 0:19:10]} 53. h7 {[%clk 0:27:21]}  Rb8 {[%clk 0:19:05]} 54. Rg1 {[%clk 0:27:12]}  e4 {[%clk 0:17:54]} 55. Rxe4 {[%clk 0:26:39]}  Be5 {[%clk 0:18:10]} 56. Rg2 {[%clk 0:26:54]}  Rb5 {[%clk 0:11:24]} 57. Rh4 {[%clk 0:27:06]}  Bg7 {[%clk 0:10:18]} 58. Rxg7 {[%clk 0:27:06]} 1-0

[Event "45th FIDE Chess Olympiad Open"]
[Site "Budapest, Hungary"]
[Date "2024.09.21"]
[Round "10"]
[White "Kalka, Shiva"]
[Black "Garcia Fuentes, Sergio Miguel"]
[Result "0-1"]
[Board "248"]
[WhiteFideId "8201749"]
[BlackFideId "7300549"]
[BlackTitle "FM"]
[WhiteElo "1849"]
[BlackElo "2114"]
[WhiteTeam "Suriname"]
[BlackTeam "Guatemala"]
[WhiteClock "0:00:35"]
[BlackClock "1:03:52"]
[Variant "Standard"]

1. e4 {[%clk 1:30:56]}  e5 {[%clk 1:30:15]} 2. Nf3 {[%clk 1:31:21]}  Nc6 {[%clk 1:30:32]} 3. d4 {[%clk 1:31:47]}  exd4 {[%clk 1:30:50]} 4. Bc4 {[%clk 1:32:12]}  Bc5 {[%clk 1:31:05]} 5. c3 {[%clk 1:32:37]}  Nf6 {[%clk 1:31:14]} 6. e5 {[%clk 1:33:02]}  d5 {[%clk 1:31:34]} 7. Bb5 {[%clk 1:33:28]}  Ne4 {[%clk 1:31:57]} 8. cxd4 {[%clk 1:33:53]}  Bb6 {[%clk 1:32:14]} 9. O-O {[%clk 1:33:35]}  O-O {[%clk 1:32:15]} 10. Be3 {[%clk 1:30:31]}  Bg4 {[%clk 1:29:35]} 11. Bxc6 {[%clk 0:18:22]}  bxc6 {[%clk 1:28:16]} 12. h3 {[%clk 0:18:50]}  Bh5 {[%clk 1:23:38]} 13. g4 {[%clk 0:19:16]}  Bg6 {[%clk 1:23:55]} 14. Qc1 {[%clk 0:08:22]}  Rb8 {[%clk 1:17:41]} 15. Nbd2 {[%clk 0:02:12]}  Nxd2 {[%clk 1:09:23]} 16. Qxd2 {[%clk 0:01:38]}  h6 {[%clk 1:09:04]} 17. Ne1 {[%clk 0:00:52]}  f5 {[%clk 1:08:37]} 18. Ng2 {[%clk 0:00:33]}  fxg4 {[%clk 1:06:20]} 19. hxg4 {[%clk 0:01:00]}  Rf3 {[%clk 1:04:59]} 20. Ne1 {[%clk 0:00:32]}  Be4 {[%clk 1:04:51]} 21. Qe2 {[%clk 0:00:35]}  Qd7 {[%clk 1:03:52]} 0-1

[Event "45th FIDE Chess Olympiad Open"]
[Site "Budapest, Hungary"]
[Date "2024.09.21"]
[Round "10"]
[White "Al Maashani, Amer"]
[Black "Pace, Colin"]
[Result "0-1"]
[Board "249"]
[WhiteFideId "22000100"]
[BlackFideId "5600189"]
[WhiteTitle "FM"]
[BlackTitle "CM"]
[WhiteElo "1979"]
[BlackElo "2186"]
[WhiteTeam "Oman"]
[BlackTeam "Malta"]
[WhiteClock "0:21:10"]
[BlackClock "0:25:22"]
[Variant "Standard"]

1. e4 {[%clk 1:30:58]}  c5 {[%clk 1:30:50]} 2. Nc3 {[%clk 1:31:21]}  Nc6 {[%clk 1:31:10]} 3. f4 {[%clk 1:31:46]}  g6 {[%clk 1:31:07]} 4. Nf3 {[%clk 1:32:09]}  Bg7 {[%clk 1:31:18]} 5. a3 {[%clk 1:32:24]}  e6 {[%clk 1:30:43]} 6. b4 {[%clk 1:32:36]}  b6 {[%clk 1:23:34]} 7. bxc5 {[%clk 1:32:38]}  bxc5 {[%clk 1:23:56]} 8. e5 {[%clk 1:32:35]}  Nh6 {[%clk 1:09:42]} 9. Ne4 {[%clk 1:31:27]}  O-O {[%clk 1:04:11]} 10. Rb1 {[%clk 1:27:22]}  Nf5 {[%clk 0:50:06]} 11. g4 {[%clk 1:17:24]}  Nh4 {[%clk 0:45:33]} 12. g5 {[%clk 1:08:43]}  Nf5 {[%clk 0:41:01]} 13. Bd3 {[%clk 1:00:46]}  d6 {[%clk 0:39:50]} 14. Nf6+ {[%clk 0:46:21]}  Bxf6 {[%clk 0:38:02]} 15. gxf6 {[%clk 0:46:35]}  dxe5 {[%clk 0:38:09]} 16. fxe5 {[%clk 0:46:52]}  Qd5 {[%clk 0:36:27]} 17. Qe2 {[%clk 0:35:39]}  Nfd4 {[%clk 0:31:32]} 18. Be4 {[%clk 0:34:41]}  Nxe2 {[%clk 0:30:30]} 19. Bxd5 {[%clk 0:35:09]}  exd5 {[%clk 0:30:14]} 20. Kxe2 {[%clk 0:35:37]}  Bg4 {[%clk 0:26:54]} 21. Kf2 {[%clk 0:35:12]}  Bxf3 {[%clk 0:27:04]} 22. Kxf3 {[%clk 0:35:40]}  Nxe5+ {[%clk 0:27:25]} 23. Kg3 {[%clk 0:32:34]}  Rab8 {[%clk 0:22:28]} 24. Rxb8 {[%clk 0:31:29]}  Rxb8 {[%clk 0:22:56]} 25. d4 {[%clk 0:30:07]}  Nd7 {[%clk 0:23:01]} 26. Bf4 {[%clk 0:24:57]}  Rc8 {[%clk 0:21:38]} 27. Be5 {[%clk 0:21:42]}  cxd4 {[%clk 0:11:23]} 28. Bxd4 {[%clk 0:22:08]}  Rxc2 {[%clk 0:11:02]} 29. Re1 {[%clk 0:18:11]}  Rc8 {[%clk 0:07:29]} 30. Re7 {[%clk 0:17:57]}  Nb8 {[%clk 0:06:56]} 31. Bxa7 {[%clk 0:12:54]}  Nc6 {[%clk 0:06:00]} 32. Rd7 {[%clk 0:13:14]}  Nxa7 {[%clk 0:04:56]} 33. Rxa7 {[%clk 0:13:42]}  h6 {[%clk 0:04:31]} 34. Kf4 {[%clk 0:09:26]}  Rc6 {[%clk 0:03:51]} 35. Ke5 {[%clk 0:07:59]}  Re6+ {[%clk 0:03:27]} 36. Kxd5 {[%clk 0:08:27]}  Rxf6 {[%clk 0:03:49]} 37. a4 {[%clk 0:08:08]}  Rf2 {[%clk 0:03:49]} 38. a5 {[%clk 0:07:39]}  Rxh2 {[%clk 0:04:13]} 39. Ra8+ {[%clk 0:07:21]}  Kg7 {[%clk 0:04:36]} 40. a6 {[%clk 0:07:48]}  Ra2 {[%clk 0:04:29]} 41. Kc6 {[%clk 0:04:15]}  h5 {[%clk 0:01:47]} 42. Kb7 {[%clk 0:01:59]}  h4 {[%clk 0:27:24]} 43. Rd8 {[%clk 0:31:55]}  g5 {[%clk 0:26:45]} 44. a7 {[%clk 0:22:34]}  h3 {[%clk 0:26:08]} 45. Rd3 {[%clk 0:20:42]}  Rxa7+ {[%clk 0:25:08]} 46. Kxa7 {[%clk 0:21:10]}  g4 {[%clk 0:25:22]} 0-1

[Event "45th FIDE Chess Olympiad Open"]
[Site "Budapest, Hungary"]
[Date "2024.09.21"]
[Round "10"]
[White "Darmanin, Jake"]
[Black "Salim Mohammed, Salim Al Amri"]
[Result "0-1"]
[Board "250"]
[WhiteFideId "5601061"]
[BlackFideId "22000089"]
[WhiteTitle "CM"]
[BlackTitle "FM"]
[WhiteElo "2119"]
[BlackElo "1926"]
[WhiteTeam "Malta"]
[BlackTeam "Oman"]
[WhiteClock "0:04:23"]
[BlackClock "0:33:00"]
[Variant "Standard"]

1. e4 {[%clk 1:30:56]}  c6 {[%clk 1:30:39]} 2. d4 {[%clk 1:31:17]}  d5 {[%clk 1:31:05]} 3. f3 {[%clk 1:31:42]}  e6 {[%clk 1:30:54]} 4. Nc3 {[%clk 1:32:05]}  Bb4 {[%clk 1:31:15]} 5. Bd2 {[%clk 1:32:29]}  Ne7 {[%clk 1:27:18]} 6. h4 {[%clk 1:32:42]}  b6 {[%clk 1:26:11]} 7. h5 {[%clk 1:32:58]}  h6 {[%clk 1:26:31]} 8. Nge2 {[%clk 1:23:22]}  Ba6 {[%clk 1:26:39]} 9. e5 {[%clk 1:18:52]}  Nf5 {[%clk 1:25:58]} 10. Kf2 {[%clk 1:06:18]}  Be7 {[%clk 1:17:56]} 11. g4 {[%clk 1:03:15]}  Nh4 {[%clk 1:16:40]} 12. Nf4 {[%clk 0:53:51]}  Bxf1 {[%clk 1:16:55]} 13. Qxf1 {[%clk 0:53:58]}  Nd7 {[%clk 1:17:07]} 14. Nce2 {[%clk 0:52:47]}  c5 {[%clk 1:16:35]} 15. c3 {[%clk 0:52:48]}  O-O {[%clk 1:13:37]} 16. Rh3 {[%clk 0:49:41]}  cxd4 {[%clk 0:57:12]} 17. cxd4 {[%clk 0:47:55]}  Rc8 {[%clk 0:57:09]} 18. Rc1 {[%clk 0:41:15]}  Rxc1 {[%clk 0:57:17]} 19. Qxc1 {[%clk 0:39:53]}  Qb8 {[%clk 0:56:26]} 20. Qe1 {[%clk 0:35:51]}  Rc8 {[%clk 0:54:12]} 21. Bb4 {[%clk 0:27:55]}  Bg5 {[%clk 0:50:01]} 22. Bd2 {[%clk 0:22:03]}  Rc2 {[%clk 0:45:00]} 23. Bc1 {[%clk 0:17:45]}  Qc7 {[%clk 0:41:59]} 24. Kf1 {[%clk 0:10:11]}  Qc4 {[%clk 0:41:34]} 25. b3 {[%clk 0:09:29]}  Qa6 {[%clk 0:41:49]} 26. a4 {[%clk 0:09:04]}  Ng2 {[%clk 0:36:56]} 27. Qd1 {[%clk 0:06:32]}  Rxc1 {[%clk 0:34:33]} 28. Qxc1 {[%clk 0:06:10]}  Nxf4 {[%clk 0:35:00]} 29. Qc2 {[%clk 0:03:22]}  Nxh3 {[%clk 0:31:55]} 30. b4 {[%clk 0:03:44]}  Qc4 {[%clk 0:31:58]} 31. Qxc4 {[%clk 0:03:57]}  dxc4 {[%clk 0:32:25]} 32. Nc3 {[%clk 0:04:11]}  Bd2 {[%clk 0:32:27]} 33. Nb5 {[%clk 0:03:40]}  Nf4 {[%clk 0:32:22]} 34. Na3 {[%clk 0:03:33]}  c3 {[%clk 0:32:14]} 35. Nc2 {[%clk 0:03:35]}  f6 {[%clk 0:32:05]} 36. exf6 {[%clk 0:03:59]}  Nxf6 {[%clk 0:32:26]} 37. Kf2 {[%clk 0:04:06]}  N6d5 {[%clk 0:32:44]} 38. b5 {[%clk 0:04:10]}  Nd3+ {[%clk 0:32:36]} 39. Ke2 {[%clk 0:04:14]}  N5f4+ {[%clk 0:32:56]} 40. Kf1 {[%clk 0:04:23]}  Nb2 {[%clk 0:33:00]} 0-1

[Event "45th FIDE Chess Olympiad Open"]
[Site "Budapest, Hungary"]
[Date "2024.09.21"]
[Round "10"]
[White "Al Busaidi, Hamood"]
[Black "Mizzi, Jack"]
[Result "0-1"]
[Board "251"]
[WhiteFideId "22006230"]
[BlackFideId "5602521"]
[BlackTitle "CM"]
[WhiteElo "1881"]
[BlackElo "2053"]
[WhiteTeam "Oman"]
[BlackTeam "Malta"]
[WhiteClock "0:10:32"]
[BlackClock "0:12:20"]
[Variant "Standard"]

1. Nf3 {[%clk 1:30:58]}  d5 {[%clk 1:30:20]} 2. c4 {[%clk 1:30:58]}  c6 {[%clk 1:29:36]} 3. e3 {[%clk 1:31:10]}  Nf6 {[%clk 1:29:39]} 4. Nc3 {[%clk 1:31:24]}  e6 {[%clk 1:26:26]} 5. b3 {[%clk 1:31:30]}  Bd6 {[%clk 1:26:22]} 6. Bb2 {[%clk 1:30:31]}  Nbd7 {[%clk 1:26:20]} 7. d4 {[%clk 1:30:14]}  Qe7 {[%clk 1:25:58]} 8. Be2 {[%clk 1:30:17]}  O-O {[%clk 1:23:12]} 9. O-O {[%clk 1:30:28]}  a5 {[%clk 1:18:56]} 10. Qc2 {[%clk 1:29:28]}  dxc4 {[%clk 1:18:09]} 11. bxc4 {[%clk 1:28:35]}  e5 {[%clk 1:17:14]} 12. d5 {[%clk 1:28:09]}  Nc5 {[%clk 1:11:03]} 13. e4 {[%clk 1:24:46]}  cxd5 {[%clk 1:02:22]} 14. cxd5 {[%clk 1:22:57]}  Bd7 {[%clk 1:01:13]} 15. Bc4 {[%clk 0:59:34]}  Rac8 {[%clk 0:56:16]} 16. Qe2 {[%clk 0:56:26]}  Nh5 {[%clk 0:46:39]} 17. Bc1 {[%clk 0:45:39]}  h6 {[%clk 0:36:04]} 18. h3 {[%clk 0:42:45]}  f5 {[%clk 0:32:28]} 19. Nh2 {[%clk 0:32:38]}  Nf6 {[%clk 0:26:44]} 20. Bd3 {[%clk 0:22:32]}  Nxd3 {[%clk 0:24:22]} 21. Qxd3 {[%clk 0:22:46]}  Bb4 {[%clk 0:24:16]} 22. Bb2 {[%clk 0:21:02]}  Bxc3 {[%clk 0:23:36]} 23. Bxc3 {[%clk 0:21:06]}  Nxe4 {[%clk 0:23:30]} 24. d6 {[%clk 0:19:05]}  Qxd6 {[%clk 0:18:21]} 25. Qxd6 {[%clk 0:19:23]}  Nxd6 {[%clk 0:18:48]} 26. Bxa5 {[%clk 0:19:16]}  Nc4 {[%clk 0:18:33]} 27. Bb4 {[%clk 0:19:45]}  Rfe8 {[%clk 0:18:32]} 28. Rfd1 {[%clk 0:17:30]}  Ba4 {[%clk 0:17:05]} 29. Rd5 {[%clk 0:17:01]}  Red8 {[%clk 0:17:23]} 30. Rxd8+ {[%clk 0:17:07]}  Rxd8 {[%clk 0:17:47]} 31. Rc1 {[%clk 0:16:20]}  b5 {[%clk 0:17:22]} 32. Kf1 {[%clk 0:15:04]}  Kf7 {[%clk 0:17:41]} 33. Ke1 {[%clk 0:15:10]}  Rd7 {[%clk 0:14:00]} 34. Nf3 {[%clk 0:15:14]}  e4 {[%clk 0:13:55]} 35. Nh4 {[%clk 0:09:07]}  Nb2 {[%clk 0:14:18]} 36. Rb1 {[%clk 0:08:58]}  Nd3+ {[%clk 0:14:40]} 37. Ke2 {[%clk 0:09:10]}  Bc2 {[%clk 0:15:05]} 38. Ra1 {[%clk 0:08:47]}  Nxb4 {[%clk 0:15:28]} 39. Nxf5 {[%clk 0:09:05]}  Bd3+ {[%clk 0:15:36]} 40. Kd2 {[%clk 0:09:08]}  Ra7 {[%clk 0:14:47]} 41. f3 {[%clk 0:09:01]}  exf3 {[%clk 0:11:58]} 42. Nd6+ {[%clk 0:09:29]}  Ke6 {[%clk 0:12:03]} 43. Nc8 {[%clk 0:09:16]}  Rxa2+ {[%clk 0:11:49]} 44. Rxa2 {[%clk 0:09:45]}  Nxa2 {[%clk 0:12:13]} 45. gxf3 {[%clk 0:10:06]}  Bf5 {[%clk 0:12:25]} 46. h4 {[%clk 0:10:23]}  Kd7 {[%clk 0:11:57]} 47. Nb6+ {[%clk 0:10:32]}  Kc6 {[%clk 0:12:20]} 0-1

[Event "45th FIDE Chess Olympiad Open"]
[Site "Budapest, Hungary"]
[Date "2024.09.21"]
[Round "10"]
[White "Zerafa, Patrick"]
[Black "Al Mashikhi, Mohammed Alyan"]
[Result "1-0"]
[Board "252"]
[WhiteFideId "5600375"]
[BlackFideId "22000097"]
[WhiteTitle "CM"]
[BlackTitle "CM"]
[WhiteElo "1986"]
[BlackElo "1959"]
[WhiteTeam "Malta"]
[BlackTeam "Oman"]
[WhiteClock "0:56:06"]
[BlackClock "0:06:03"]
[Variant "Standard"]

1. Nf3 {[%clk 1:30:56]}  Nf6 {[%clk 1:30:56]} 2. e3 {[%clk 1:31:20]}  d5 {[%clk 1:31:01]} 3. c4 {[%clk 1:31:45]}  c6 {[%clk 1:29:25]} 4. b3 {[%clk 1:31:54]}  Bg4 {[%clk 1:29:40]} 5. Bb2 {[%clk 1:32:11]}  e6 {[%clk 1:29:53]} 6. Nc3 {[%clk 1:30:35]}  Bd6 {[%clk 1:29:46]} 7. h3 {[%clk 1:30:39]}  Bh5 {[%clk 1:29:48]} 8. g4 {[%clk 1:30:48]}  Bg6 {[%clk 1:29:39]} 9. Nh4 {[%clk 1:28:45]}  Nbd7 {[%clk 1:26:29]} 10. Nxg6 {[%clk 1:28:27]}  hxg6 {[%clk 1:26:51]} 11. Bg2 {[%clk 1:27:40]}  dxc4 {[%clk 1:25:39]} 12. bxc4 {[%clk 1:27:44]}  Ne5 {[%clk 1:24:45]} 13. d3 {[%clk 1:25:35]}  Bb4 {[%clk 1:22:04]} 14. Ke2 {[%clk 1:25:08]}  Qc7 {[%clk 1:11:48]} 15. Qb3 {[%clk 1:20:44]}  Be7 {[%clk 1:03:31]} 16. a4 {[%clk 1:11:30]}  g5 {[%clk 0:56:50]} 17. a5 {[%clk 1:09:27]}  Ng6 {[%clk 0:54:43]} 18. a6 {[%clk 1:07:58]}  b6 {[%clk 0:54:44]} 19. Nb5 {[%clk 1:07:53]}  Qd7 {[%clk 0:52:36]} 20. Nd4 {[%clk 1:07:14]}  Rc8 {[%clk 0:50:55]} 21. Qa4 {[%clk 1:07:17]}  b5 {[%clk 0:44:42]} 22. cxb5 {[%clk 1:04:54]}  cxb5 {[%clk 0:45:11]} 23. Nxb5 {[%clk 1:04:45]}  O-O {[%clk 0:36:14]} 24. Rhc1 {[%clk 1:00:53]}  Rfd8 {[%clk 0:31:54]} 25. Nd4 {[%clk 0:59:40]}  Qd6 {[%clk 0:30:06]} 26. Rxc8 {[%clk 0:59:43]}  Rxc8 {[%clk 0:30:23]} 27. Ba3 {[%clk 0:59:33]}  Qh2 {[%clk 0:29:51]} 28. Bb7 {[%clk 0:59:34]}  Nd5 {[%clk 0:26:39]} 29. Bxd5 {[%clk 0:59:37]}  exd5 {[%clk 0:25:44]} 30. Bxe7 {[%clk 0:58:50]}  Nxe7 {[%clk 0:25:46]} 31. Qd7 {[%clk 0:58:11]}  Rb8 {[%clk 0:25:52]} 32. Rc1 {[%clk 0:57:10]}  Qxh3 {[%clk 0:22:38]} 33. Qxe7 {[%clk 0:56:06]}  Rb2+ {[%clk 0:22:26]} 34. Nc2 {[%clk 0:55:41]}  Qxg4+ {[%clk 0:22:29]} 35. Kd2 {[%clk 0:56:02]}  Qf3 {[%clk 0:16:29]} 36. Qxa7 {[%clk 0:56:09]}  Qxf2+ {[%clk 0:16:51]} 37. Kc3 {[%clk 0:56:30]}  d4+ {[%clk 0:06:03]} 38. Kxb2 {[%clk 0:56:06]} 1-0